Apuntes filosóficos, 1876 [por] Gumersindo del Valle y Huerta / (Record no. 193301)

MARC details
000 -LEADER
campo de control de longitud fija 02299nam a2200433 i 4500
001 - NÚMERO DE CONTROL
campo de control 193301
003 - IDENTIFICADOR DE NÚMERO DE CONTROL
campo de control ES-MaACL
005 - FECHA Y HORA DE LA ÚLTIMA TRANSACCIÓN
campo de control 20250804062804.0
007 - CAMPO FIJO DE DESCRIPCIÓN FÍSICA--INFORMACIÓN GENERAL
campo de control de longitud fija ta
008 - DATOS DE LONGITUD FIJA--INFORMACIÓN GENERAL
campo de control de longitud fija 231031s2017 sp r 000 0 spa d
017 ## - NÚMERO DE COPYRIGHT O DE DEPÓSITO LEGAL
Número de copyright o de depósito legal AS 02948-2017
Agencia que asigna Oficina Depósito Legal Asturias
020 ## - NÚMERO INTERNACIONAL ESTÁNDAR DEL LIBRO
Número Internacional Estándar del Libro 9788469740897
035 ## - NÚMERO DE CONTROL DEL SISTEMA
Número de control de sistema Rebiun28161702
040 ## - FUENTE DE CATALOGACIÓN
Centro catalogador/agencia de origen uned
Lengua de catalogación spa
Centro/agencia transcriptor uned
Centro/agencia modificador ES-MaACL
080 ## - NÚMERO DE LA CLASIFICACIÓN DECIMAL UNIVERSAL
Número de la Clasificación Decimal Universal 1
100 1# - ENTRADA PRINCIPAL--NOMBRE DE PERSONA
Nombre de persona Vallina, Alicia,
Fechas asociadas al nombre 1976-
Término indicativo de función/relación Autor
9 (RLIN) 234272
245 10 - MENCIÓN DEL TÍTULO
Título Apuntes filosóficos, 1876 [por] Gumersindo del Valle y Huerta /
Mención de responsabilidad, etc. Alicia Vallina ; prólogo, Ignacio Gómez de Liaño ; ilustraciones, Amparo Alepuz
246 ## - FORMA VARIANTE DEL TITULO
Título propio/Titulo breve Apuntes filosóficos por Gumersindo del Valle
260 ## - PUBLICACIÓN, DISTRIBUCIÓN, ETC.
Lugar de publicación, distribución, etc. [Gijón :
Nombre del editor, distribuidor, etc. Alicia Vallina,
Fecha de publicación, distribución, etc. 2017]
300 ## - DESCRIPCIÓN FÍSICA
Extensión 166 páginas :
Otras características físicas ilustraciones (color) ;
Dimensiones 16 x 21 cm
336 ## - TIPO DE CONTENIDO
Fuente rdacontent
Término de tipo de contenido Texto
337 ## - TIPO DE MEDIO
Fuente rdamedia
Nombre/término del tipo de medio sin mediación
338 ## - TIPO DE SOPORTE
Fuente rdacarrier
Nombre/término del tipo de soporte volumen
504 ## - NOTA DE BIBLIOGRAFÍA, ETC.
Nota de bibliografía, etc. Bibliografía: páginas 111-113
505 0# - NOTA DE CONTENIDO CON FORMATO
Nota de contenido con formato Facsímil : Apuntes filosóficos por Gumersindo del Valle
520 ## - RESUMEN, ETC.
Sumario, etc. Los hasta ahora inéditos Apuntes filosóficos escritos en 1876 por el médico asturiano Gumersindo del Valle y Huerta y custodiados en el Museo de América de Madrid, son rescatados por la Dra. Alicia Vallina en una magnífica muestra de recuperación documental. Este relevante análisis sobre la medicina y la filosofía en las postrimerías del siglo XIX es un ejemplo de cordura intelectual, en el que del Valle rechaza la doctrina fatalista de la filosofía alemana y pugna por la defensa de los valores de la libertad.
600 14 - PUNTO DE ACCESO ADICIONAL DE MATERIA--NOMBRE DE PERSONA
9 (RLIN) 133514
Nombre de persona Valle y Huerta, Gumersindo del,
Fechas asociadas al nombre 1849-1900
650 #7 - PUNTO DE ACCESO ADICIONAL DE MATERIA--TÉRMINO DE MATERIA
Término de materia o nombre geográfico como elemento de entrada Filosofía
Fuente del encabezamiento o término embne
9 (RLIN) 12802
700 1# - ENTRADA AGREGADA--NOMBRE PERSONAL
Nombre de persona Valle y Huerta, Gumersindo del,
Fechas asociadas al nombre 1849-1900
9 (RLIN) 133514
Término indicativo de función/relación Autor
700 0# - ENTRADA AGREGADA--NOMBRE PERSONAL
Nombre de persona Gómez de Liaño, Ignacio
9 (RLIN) 57908
Término indicativo de función/relación Autor de introducción
700 1# - ENTRADA AGREGADA--NOMBRE PERSONAL
Nombre de persona Alepuz, Amparo
9 (RLIN) 234507
Término indicativo de función/relación Ilustrador
852 ## - LOCALIZACIÓN
Ubicación ES-MaACL
itemnumber 200741
Sublocalización o colección R.154727
Número de control de estantería N-9501
Ubicación en estantería Depósito J
Donativo/Legado Donación: Alicia Vallina
Encuadernación Encuadernación rústica con solapas
903 ## - NOMBRE PERSONAL DE DONANTE
a Vallina, Alicia,
d 1976-
e Donante
9 234272
942 ## - ELEMENTOS DE ENTRADA SECUNDARIOS (KOHA)
Suprimir en OPAC No
Tipo de ítem Koha Libro impreso
Holdings
Estatus retirado Estado de pérdida Fuente del sistema de clasificación o colocación Estado de daño No para préstamo Biblioteca de origen Biblioteca actual Ubicación en estantería Fecha de adquisición Fuente de adquisición Número de control de estantería Total de préstamos Signatura topográfica completa Código de barras Visto por última vez Tipo de ítem Koha
    Clasificación decimal universal     Biblioteca del Ateneo de Madrid Biblioteca del Ateneo de Madrid Depósito J 31/10/2023 Donación Ateneísta   N-9501 101206030 31/10/2023 Libro impreso